Cantantes por Emojis. - Estadísticas

Estadísticas generales
  • Esta prueba ha sido intentada 884 veces
  • La puntuación promedio es 7 de 15
Estadísticas de respuestas
Emojis Cantante % Correcto
ED 🐑 🏃🏼 Ed Sheeran
88%
👎🏻 ❌ 🐰 Bad Bunny
86%
🚗 D 🐝 Cardi B
80%
🟫 5️⃣ Maroon 5
71%
Ⓜ️ & Ⓜ️ Eminem
65%
🐝 🔛 🌊 Beyonce
60%
⚫ 👁️ ☮️ Black Eyed Peas
46%
🔴 🔥 🌶️ Red Hot Chilli Peppers
45%
🧃 🌎 Juice World
40%
2️⃣ 🧳 🧳 2 Pac
35%
🥶 🧊 🐵 🐵 Arctic Monkeys
31%
🤏🏻 👶🏼 Lil Baby
27%
🛼 🛞 🪨 🪨 The Rolling Stones
20%
😃 🎪 Miley Cyrus
14%
☀️ 🏜️ 💧 Oasis
5%
No se encontraron pruebas coincidentes
Distribución de puntuación
Porcentaje de gente con cada puntuación
Porcentaje por número respondido
Historial de tus puntuaciones
No has intentado esta prueba.